| 000 -LEADER |
| fixed length control field |
04493cam a22004334a 4500 |
| 001 - CONTROL NUMBER |
| control field |
6225026 |
| 003 - CONTROL NUMBER IDENTIFIER |
| control field |
Nust |
| 005 - DATE AND TIME OF LATEST TRANSACTION |
| control field |
20180604080711.0 |
| 008 - FIXED-LENGTH DATA ELEMENTS--GENERAL INFORMATION |
| fixed length control field |
070627s2007 nyu b 001 0beng |
| 010 ## - LIBRARY OF CONGRESS CONTROL NUMBER |
| LC control number |
2007017472 |
| 020 ## - INTERNATIONAL STANDARD BOOK NUMBER |
| International Standard Book Number |
9780091920791 |
| Terms of availability |
Rs. 676 |
| 035 ## - SYSTEM CONTROL NUMBER |
| System control number |
(OCoLC)ocn128236371 |
| 035 ## - SYSTEM CONTROL NUMBER |
| System control number |
(OCoLC)128236371 |
| 035 ## - SYSTEM CONTROL NUMBER |
| System control number |
(NNC)6225026 |
| 038 ## - RECORD CONTENT LICENSOR |
| Staff Name |
Arshad |
| 040 ## - CATALOGING SOURCE |
| Original cataloging agency |
DLC |
| Transcribing agency |
DLC |
| Modifying agency |
YDX |
| -- |
SPP |
| -- |
BAKER |
| -- |
BTCTA |
| -- |
YDXCP |
| -- |
AFQ |
| -- |
OrLoB-B |
| 043 ## - GEOGRAPHIC AREA CODE |
| Geographic area code |
n-us--- |
| 050 00 - LIBRARY OF CONGRESS CALL NUMBER |
| Classification number |
E887.C55 |
| Item number |
B47 2007 |
| 082 00 - DEWEY DECIMAL CLASSIFICATION NUMBER |
| Classification number |
328.73092 |
| Author Mark |
BER |
| 100 1# - MAIN ENTRY--PERSONAL NAME |
| Personal name |
Bernstein, Carl, |
| Dates associated with a name |
1944- |
| 9 (RLIN) |
10899 |
| 245 12 - TITLE STATEMENT |
| Title |
A woman in charge : |
| Remainder of title |
the life of Hillary Rodham Clinton / |
| Statement of responsibility, etc. |
Carl Bernstein. |
| 250 ## - EDITION STATEMENT |
| Edition statement |
1st ed. |
| 260 ## - PUBLICATION, DISTRIBUTION, ETC. |
| Place of publication, distribution, etc. |
New York : |
| Name of publisher, distributor, etc. |
Alfred A. Knopf, |
| Date of publication, distribution, etc. |
2007. |
| 300 ## - PHYSICAL DESCRIPTION |
| Extent |
628 p. ; |
| Dimensions |
25 cm. |
| 504 ## - BIBLIOGRAPHY, ETC. NOTE |
| Bibliography, etc. note |
Includes bibliographical references (p. [555]-603) and index. |
| 520 1# - SUMMARY, ETC. |
| Summary, etc. |
"Carl Bernstein's portrait of Hillary Rodham Clinton shows us, as nothing else has, the true trajectory of her life and career with its zigzag bursts of risks taken and safety sought. Bernstein gives us the most detailed, sophisticated, comprehensive, and revealing account we have had of the complex human being and political meteor who has already helped define one presidency and may well become, herself, the woman in charge of another." "We see the shaping of Hillary as a self-described "mind conservative and heart liberal" - her ostensibly idyllic Midwestern girlhood (her mother a nurturer, but her father a disciplinarian, harsher than she has acknowledged); her early development of deep religious feelings; her curiosity fueled by dedicated teachers, by exposure to Martin Luther King Jr., by the ferment of the sixties, and, above all, by a desire to change the world. At Wellesley, we watch Hillary, a Republican turned Democrat, thriving in the new sky's-the-limit freedom for women, already perceived as a spokeswoman for her generation, her commencement speech celebrated in Life magazine. And the book takes us to Yale Law School as Hillary meets and falls in love with Bill Clinton and cancels her dream to go her own way, to New York or Washington, tying her fortune, instead, to his in Arkansas." "Bernstein clarifies the often amazing dynamic of their marriage, shows us the extent to which Hillary has been instrumental in the triumphs and troubles of Bill Clinton's governorship and presidency, and sheds light on her own political brilliance and her blind spots - especially her suspicion and mishandling of the press and her overt hostility to the opposition that clouded her entry into the capital. He untangles her relationship to Whitewater, Troopergate, and Travelgate. He leads us to understand the failure of her health care initiative." "In the emotional and political chaos of the Lewinsky affair we see Hillary, despite her immense hurt and anger, standing by her husband - evoking a rising wave of sympathy from a public previously cool to her. It helps carry her into the Senate, where she applies the political lessons she has learned. It is now her time. As she decides to run for president, her husband now her valued aide, she has one more chance to fulfill her ambition for herself - to change the world." "In his preparation for A Woman in Charge, Bernstein reexamined everything pertinent written about and by Hillary Clinton. He interviewed some two hundred of her colleagues, friends, and enemies and was allowed unique access to the candid record of the 1992 presidential campaign kept by Hillary's best friend, Diane Blair. He has given us a book that enables us, at last, to address the questions Americans are insistently - even obsessively - asking about Hillary Clinton: What is her character? What is her political philosophy? Who is she? What can we expect of her?"--BOOK JACKET. |
| 600 10 - SUBJECT ADDED ENTRY--PERSONAL NAME |
| Personal name |
Clinton, Hillary Rodham. |
| 9 (RLIN) |
10900 |
| 610 10 - SUBJECT ADDED ENTRY--CORPORATE NAME |
| Corporate name or jurisdiction name as entry element |
United States. |
| Subordinate unit |
Congress. |
| -- |
Senate |
| Form subdivision |
Biography. |
| 9 (RLIN) |
10901 |
| 650 #0 - SUBJECT ADDED ENTRY--TOPICAL TERM |
| Topical term or geographic name entry element |
Presidents' spouses |
| Geographic subdivision |
United States |
| Form subdivision |
Biography. |
| 9 (RLIN) |
10902 |
| 650 #0 - SUBJECT ADDED ENTRY--TOPICAL TERM |
| Topical term or geographic name entry element |
Legislators |
| Geographic subdivision |
United States |
| Form subdivision |
Biography. |
| 9 (RLIN) |
10903 |
| 650 #0 - SUBJECT ADDED ENTRY--TOPICAL TERM |
| Topical term or geographic name entry element |
Women legislators |
| Geographic subdivision |
United States |
| Form subdivision |
Biography. |
| 9 (RLIN) |
10904 |
| 650 #0 - SUBJECT ADDED ENTRY--TOPICAL TERM |
| Topical term or geographic name entry element |
Presidential candidates |
| Geographic subdivision |
United States |
| Form subdivision |
Biography. |
| 9 (RLIN) |
10905 |
| 650 #0 - SUBJECT ADDED ENTRY--TOPICAL TERM |
| Topical term or geographic name entry element |
Women presidential candidates |
| Geographic subdivision |
United States |
| Form subdivision |
Biography. |
| 9 (RLIN) |
10906 |
| 856 41 - ELECTRONIC LOCATION AND ACCESS |
| Materials specified |
Table of contents only |
| Uniform Resource Identifier |
<a href="http://www.loc.gov/catdir/toc/ecip0718/2007017472.html">http://www.loc.gov/catdir/toc/ecip0718/2007017472.html</a> |
| 900 ## - EQUIVALENCE OR CROSS-REFERENCE-PERSONAL NAME [LOCAL, CANADA] |
| Numeration |
TOC |
| 942 ## - ADDED ENTRY ELEMENTS (KOHA) |
| Source of classification or shelving scheme |
|
| Koha item type |
Book |
| 948 1# - LOCAL PROCESSING INFORMATION (OCLC); SERIES PART DESIGNATOR (RLIN) |
| Series part designator, SPT (RLIN) |
20070710 |
| b (OCLC) |
c |
| c (OCLC) |
jeb52 |
| d (OCLC) |
MPS |
| 948 2# - LOCAL PROCESSING INFORMATION (OCLC); SERIES PART DESIGNATOR (RLIN) |
| Series part designator, SPT (RLIN) |
20071012 |
| b (OCLC) |
a |
| c (OCLC) |
vt2130 |
| d (OCLC) |
MPS |